000 00958nam a22003017a 4500
001 26921
003 DO-SdBNP
005 20231011121244.0
007 26921
008 040316s 1999 sp spa
020 _a8437617162
040 _aBPMSU
_bspa
_cBPMSU
082 4 _a920.72
_bP737v 1999
_222
100 1 _aPlutarco
_d46?-120?
245 1 0 _aVidas paralelas :
_bAlejandro-César, Pericles-Fabio Máximo, Alcibíades-Coriolano /
_cPlutarco ; edición de Emilio Crespo ; traducción de Emilio Crespo.
260 _aMadrid :
_bEdiciones Cátedra,
_c1999.
300 _a463 p. ;
_c20 cm.
490 0 _aLetras universales,
_v277
590 _aInventariado, 2023/VM
600 1 4 _aAlejandro Magno,
_d356-323 a.de J. C
600 1 4 _aAlcibiades,
_d450-404 a. de J.C
650 4 _aBiografías clásicas
651 4 _aGrecia
651 4 _aRoma
700 1 _aCrespo Güemes, Emilio,
_etr.
910 _aVMateo V. Control de calidad. BPMSU
942 _2ddc
_cBK
999 _c8641
_d8641